The Transfer of Undertakings (Protection of Employment) Regulations 2006 (Record no. 105355)
[ view plain ]
| 000 -LEADER | |
|---|---|
| fixed length control field | 01616cam a2200253 4500 |
| 001 - CONTROL NUMBER | |
| control field | ##L133207 |
| 008 - FIXED-LENGTH DATA ELEMENTS--GENERAL INFORMATION | |
| fixed length control field | 060420n2006 000 0 eng u |
| 020 ## - INTERNATIONAL STANDARD BOOK NUMBER | |
| International Standard Book Number | 0110739922 |
| 035 ## - SYSTEM CONTROL NUMBER | |
| System control number | (Sirsi) u133207 |
| 041 0# - LANGUAGE CODE | |
| Language code of text/sound track or separate title | eng |
| 245 04 - TITLE STATEMENT | |
| Title | The Transfer of Undertakings (Protection of Employment) Regulations 2006 |
| 260 ## - PUBLICATION, DISTRIBUTION, ETC. | |
| Place of publication, distribution, etc. | London |
| Name of publisher, distributor, etc. | TSO |
| Date of publication, distribution, etc. | 2006 |
| 490 #0 - SERIES STATEMENT | |
| Series statement | SI |
| Volume/sequential designation | 2006: 246 |
| 520 ## - SUMMARY, ETC. | |
| Summary, etc. | Implement council directive 2001/23/EC on the approximation of the law relating to business transfers. Revoke the Transfer of Undertakings (Protection of Employment) Regulations 1981 The provisions introduced by these regulations are similar to those included in the 1981 Regulations. They also include provisions taking advantage of certain policy options conferred by the directive. The Regulations make provision for the treatment of employees, and related matters, on the transfer of an undertaking or business or a service provision change. These Regulations apply to the UK. However to the extent that they are made under the Employment Relations Act 1999 s38 they do not apply to Northern Ireland. |
| 590 ## - LOCAL NOTE (RLIN) | |
| Local note | IKA250406 |
| 650 24 - SUBJECT ADDED ENTRY--TOPICAL TERM | |
| Topical term or geographic name entry element | TRANSFER OF UNDERTAKINGS (PROTECTION OF EMPLOYMENT) REGULATIONS 1981 |
| 650 24 - SUBJECT ADDED ENTRY--TOPICAL TERM | |
| Topical term or geographic name entry element | EMPLOYMENT RELATIONS ACT 1999 S38 |
| 650 24 - SUBJECT ADDED ENTRY--TOPICAL TERM | |
| Topical term or geographic name entry element | EUROPEAN COMMUNITIES ACT 1972 S2(2) |
| 650 24 - SUBJECT ADDED ENTRY--TOPICAL TERM | |
| Topical term or geographic name entry element | TRANSFER OF UNDERTAKINGS (PROTECTION OF EMPLOYMENT) REGULATIONS 2006 |
| 650 24 - SUBJECT ADDED ENTRY--TOPICAL TERM | |
| Topical term or geographic name entry element | DIRECTIVE 2001/23/EC |
| 690 ## - LOCAL SUBJECT ADDED ENTRY--TOPICAL TERM (OCLC, RLIN) | |
| Topical term or geographic name as entry element | MANAGEMENT-BUSINESS MANAGEMENT |
| 856 40 - ELECTRONIC LOCATION AND ACCESS | |
| Uniform Resource Identifier | <a href="https://www.opsi.gov.uk/si/si2006/20060246.htm">https://www.opsi.gov.uk/si/si2006/20060246.htm</a> |
| Public note | View the Statutory Instrument free of charge at www.opsi.gov.uk... |
| 942 ## - ADDED ENTRY ELEMENTS (KOHA) | |
| Suppress in OPAC | 0 |
| Withdrawn status | Lost status | Source of classification or shelving scheme | Damaged status | Not for loan | Home library | Current library | Shelving location | Date acquired | Total Checkouts | Full call number | Barcode | Date last seen | Copy number | Price effective from | Koha item type |
|---|---|---|---|---|---|---|---|---|---|---|---|---|---|---|---|
| Dewey Decimal Classification | Virtual | Virtual | Online | 20/04/2006 | ONLINE PUBLICATION | 133207-2001 | 06/08/2019 | 1 | 06/08/2019 | Book |